Finite Mathematics
Shranjeno v:
| Glavni avtor: | |
|---|---|
| Format: | Knjiga |
| Jezik: | Undetermined |
| Izdano: |
Belmont, CA
Thomson Brooks/Cole
2007
|
| Teme: | |
| Oznake: |
Označite
Brez oznak, prvi označite!
|
| Thư viện lưu trữ: | Trung tâm Học liệu Trường Đại học Cần Thơ |
|---|
| LEADER | 00562nam a2200205Ia 4500 | ||
|---|---|---|---|
| 001 | CTU_128473 | ||
| 008 | 210402s9999 xx 000 0 und d | ||
| 020 | |c 2138000 | ||
| 082 | |a 510 | ||
| 082 | |b W245 | ||
| 100 | |a Waner, Stefan | ||
| 245 | 0 | |a Finite Mathematics | |
| 245 | 0 | |c Stefan Waner and Steven R. Costenoble | |
| 260 | |a Belmont, CA | ||
| 260 | |b Thomson Brooks/Cole | ||
| 260 | |c 2007 | ||
| 650 | |a Mathematics,Toán học | ||
| 650 | |x Textbooks.,Sách giáo khoa | ||
| 904 | |i Minh | ||
| 980 | |a Trung tâm Học liệu Trường Đại học Cần Thơ | ||